000
00293nam a22001337a 4500
008
181022b xxu||||| |||| 00| 0 eng d
020
_a
9155421903
041
_a
eng
080
_a
316
100
_a
50
101
_a
soc
245
_a
Briewealth Women Land
_c
Hkansson.TH
942
_2
udc
_c
BK
999
_c
50435
_d
50435